Methods for the study of freshwater fish parasites

Gespeichert in:
Bibliographische Detailangaben
Format: Buch
Sprache:Undetermined
Veröffentlicht: Canada The University Waterloo 1972
Schlagworte:
Tags: Tag hinzufügen
Keine Tags, Fügen Sie den ersten Tag hinzu!
Thư viện lưu trữ: Trung tâm Học liệu Trường Đại học Cần Thơ
LEADER 00515nam a2200181Ia 4500
001 CTU_150792
008 210402s9999 xx 000 0 und d
082 |a 639.96 
082 |b M592 
245 0 |a Methods for the study of freshwater fish parasites 
245 0 |c C. H. Fernando ...[et al.] 
260 |a Canada 
260 |b The University Waterloo 
260 |c 1972 
650 |a Fishes,Cá 
650 |x Diseases,Bệnh 
904 |i Trọng Hải 
980 |a Trung tâm Học liệu Trường Đại học Cần Thơ